[Event "Prestwick Airport Minor"]
[Site "Prestwick"]
[Date "2011.05.14"]
[Round "2"]
[White "Espinosa, Cristina"]
[Black "Boyle, Daniel H"]
[Result "0-1"]
[WhiteElo "846"]
[BlackElo "1211"]
[PlyCount "162"]
[EventDate "2011.05.15"]
[EventRounds "5"]
[EventCountry "SCO"]

1. e4 c6 2. d4 d5 3. Nc3 dxe4 4. Nxe4 Bf5 5. Ng3 Bg6 6. Nf3 Nd7 7. Bc4 Ngf6 8.
Nh4 Qa5+ 9. c3 Bh5 10. Nxh5 Qxh5 11. Nf3 e6 12. a4 Be7 13. Qe2 O-O 14. Ne5
Qxe2+ 15. Bxe2 Nxe5 16. dxe5 Nd7 17. Bf4 Rad8 18. O-O h6 19. Rad1 Nc5 20. a5
Rxd1 21. Rxd1 Rd8 22. Rxd8+ Bxd8 23. b4 Nd7 24. Bg3 Bc7 25. f4 g5 26. h4 gxf4
27. Bxf4 Kg7 28. g4 Bxe5 29. Bxe5+ Nxe5 30. Kf2 Kf6 31. Kg3 b5 32. axb6 axb6
33. c4 c5 34. bxc5 bxc5 35. Bf1 Ke7 36. h5 Kf6 37. Kf4 Nd7 38. Be2 e5+ 39. Ke4
Ke6 40. Kf3 f6 41. Ke4 Nb6 42. Bd3 Na4 43. Bc2 Nc3+ 44. Ke3 Na2 45. Bf5+ Kd6
46. Ke4 Nb4 47. Bc8 Nc6 48. Bf5 Nd4 49. Bc8 Ne6 50. Bb7 Ng5+ 51. Kf5 Ke7 52.
Bd5 Nh3 53. Ke4 Nf4 54. Bg8 Kf8 55. Bh7 Kg7 56. Bf5 Ne2 57. Kf3 Nd4+ 58. Ke4
Ne2 59. Ke3 Ng3 60. Kf3 Nxf5 61. gxf5 Kf7 62. Ke4 Ke7 63. Kd5 e4 64. Kxe4 Kd6
65. Kd3 Ke5 66. Kc3 Kxf5 67. Kb3 Ke4 68. Ka4 Kd4 69. Kb5 f5 70. Kb6 f4 71. Kc6
f3 72. Kc7 f2 73. Kd6 f1=Q 74. Ke6 Qf4 75. Kd7 Qf6 76. Kc7 Kxc4 77. Kd7 Kd5 78.
Kc7 Qc6+ 79. Kd8 Qb7 80. Ke8 Ke6 81. Kf8 Qf7# 0-1

[Event "Prestwick Airport Minor"]
[Site "Prestwick"]
[Date "2011.05.14"]
[Round "2"]
[White "Howie, Colin"]
[Black "Thomas, Jacqui"]
[Result "1/2-1/2"]
[WhiteElo "785"]
[BlackElo "1201"]
[PlyCount "131"]
[EventDate "2011.05.15"]
[EventRounds "5"]
[EventCountry "SCO"]

1. e4 c5 2. Nf3 g6 3. Nc3 Bg7 4. Bc4 e6 5. O-O Ne7 6. d3 O-O 7. Bg5 Nbc6 8. Rb1
a6 9. a3 b5 10. Ba2 Bb7 11. Qd2 Re8 12. Bh6 b4 13. axb4 Nxb4 14. Bb3 d5 15.
exd5 Nbxd5 16. Nxd5 Bxd5 17. Bxg7 Kxg7 18. Qc3+ Kg8 19. Qf6 Nf5 20. Qxd8 Rexd8
21. Bxd5 Rxd5 22. Rfe1 Nd4 23. Nxd4 cxd4 24. Ra1 a5 25. Ra4 e5 26. h3 Rb8 27.
b3 f6 28. Rea1 Rc8 29. Rc4 Rcc5 30. Raa4 Rxc4 31. Rxc4 Kf7 32. Rc7+ Ke6 33.
Rxh7 Rc5 34. Ra7 Rxc2 35. Rxa5 Rc3 36. b4 Rxd3 37. Kf1 Rb3 38. Rb5 Rb2 39. Rb6+
Kf5 40. Ke1 d3 41. Rd6 e4 42. f3 Rxb4 43. fxe4+ Rxe4+ 44. Kd2 Re2+ 45. Kxd3
Rxg2 46. Kc4 Rg3 47. Rd5+ Ke6 48. Rd3 Rxd3 49. Kxd3 Kf5 50. Ke3 Kg5 51. Kf3 Kh4
52. Kg2 f5 53. Kh2 g5 54. Kg2 g4 55. hxg4 fxg4 56. Kh2 g3+ 57. Kg1 Kg4 58. Kg2
Kf4 59. Kg1 Kf3 60. Kf1 Kf4 61. Kg1 Kg4 62. Kg2 Kh4 63. Kg1 Kh3 64. Kh1 Kg4 65.
Kg1 Kf3 66. Kf1 1/2-1/2

[Event "Prestwick Airport Minor"]
[Site "Prestwick"]
[Date "2011.05.14"]
[Round "2"]
[White "Hume, Wyllie"]
[Black "Clark, Stephen L"]
[Result "1-0"]
[WhiteElo "1080"]
[BlackElo "1378"]
[PlyCount "85"]
[EventDate "2011.05.15"]
[EventRounds "5"]
[EventCountry "SCO"]

1. d4 Nf6 2. Bf4 g6 3. Nf3 Bg7 4. e3 d5 5. Be2 Nbd7 6. O-O O-O 7. h3 c5 8. c3
cxd4 9. exd4 Nb6 10. Nbd2 Bd7 11. b3 Rc8 12. Rc1 Qe8 13. Ne5 Bb5 14. c4 dxc4
15. Bxc4 Bxc4 16. Ndxc4 Nbd5 17. Bh2 Nd7 18. Re1 b5 19. Ne3 Nc3 20. Qd2 b4 21.
Nd1 Nxe5 22. Bxe5 Qc6 23. Nxc3 bxc3 24. Qc2 e6 25. Re3 Bxe5 26. dxe5 Rfd8 27.
Rxc3 Qxc3 28. Qxc3 Rxc3 29. Rxc3 Rd1+ 30. Kh2 Rd2 31. a4 Rxf2 32. Rc7 Rb2 33.
Rb7 a6 34. b4 Re2 35. Ra7 Rxe5 36. Rxa6 Rd5 37. b5 Rd8 38. b6 Kg7 39. a5 e5 40.
b7 Rb8 41. Rb6 e4 42. Kg1 e3 43. Kf1 1-0

[Event "Prestwick Airport Minor"]
[Site "Prestwick"]
[Date "2011.05.14"]
[Round "2"]
[White "Jose, Thomas"]
[Black "Bonnyman, Brian"]
[Result "0-1"]
[WhiteElo "962"]
[BlackElo "1387"]
[PlyCount "94"]
[EventDate "2011.05.15"]
[EventRounds "5"]
[EventCountry "SCO"]

1. e4 g6 2. Nf3 Bg7 3. d4 c6 4. Be3 d5 5. e5 f6 6. exf6 exf6 7. Be2 Ne7 8. O-O
Bg4 9. c4 Nd7 10. cxd5 Nxd5 11. Qd3 O-O 12. Qc4 Kh8 13. Nc3 Nxc3 14. bxc3 Nb6
15. Qd3 Nd5 16. a3 Re8 17. Rab1 Qe7 18. Qd2 Nxe3 19. fxe3 Qxe3+ 20. Qxe3 Rxe3
21. Bd1 Rxc3 22. Rb3 Rxb3 23. Bxb3 Bxf3 24. Rxf3 Rd8 25. Rd3 f5 26. d5 cxd5 27.
Bxd5 Bf8 28. a4 b6 29. Kf2 Kg7 30. Bc4 Bc5+ 31. Kf3 Rxd3+ 32. Bxd3 Kf6 33. h3
g5 34. g3 h6 35. g4 f4 36. Bf1 Ke5 37. Bd3 Kd4 38. Be2 Kc3 39. Bb5 Kb4 40. Ke4
a6 41. Bxa6 Kxa4 42. Be2 b5 43. Kf5 b4 44. Kg6 b3 45. Kxh6 b2 46. Bd3 f3 47.
Kxg5 f2 0-1

[Event "Prestwick Airport Minor"]
[Site "Prestwick"]
[Date "2011.05.14"]
[Round "2"]
[White "Mcleod, Robert"]
[Black "Bramley, Douglas"]
[Result "0-1"]
[WhiteElo "997"]
[BlackElo "1433"]
[PlyCount "60"]
[EventDate "2011.05.15"]
[EventRounds "5"]
[EventCountry "SCO"]

1. d4 d5 2. Nf3 e6 3. e3 Nf6 4. Bd3 c5 5. c3 Nbd7 6. O-O Bd6 7. Nbd2 O-O 8. Re1
Qc7 9. e4 cxd4 10. cxd4 dxe4 11. Nxe4 h6 12. Nxd6 Qxd6 13. Bc2 Re8 14. Ne5 b6
15. Bf4 Bb7 16. Qd2 Qf8 17. Nxd7 Nxd7 18. Ba4 Qe7 19. Qd3 Rec8 20. Rac1 Nf6 21.
Rxc8+ Rxc8 22. Rc1 Rxc1+ 23. Bxc1 Qb4 24. Qd1 Bd5 25. Bc2 Qc4 26. Bb3 Qc6 27.
Bxd5 Nxd5 28. h3 Nb4 29. a3 Qc7 30. Qe1 Nd3 0-1

[Event "Prestwick Airport Minor"]
[Site "Prestwick"]
[Date "2011.05.14"]
[Round "2"]
[White "Paton, Lisa"]
[Black "McCusker, Kirsty"]
[Result "1-0"]
[WhiteElo "1014"]
[BlackElo "101"]
[PlyCount "65"]
[EventDate "2011.05.15"]
[EventRounds "5"]
[EventCountry "SCO"]

1. d4 c6 2. Nf3 d5 3. c3 Bf5 4. Bf4 Nd7 5. e3 e6 6. Be2 Ngf6 7. h3 Be7 8. O-O
O-O 9. Nbd2 Ne8 10. Re1 Bd6 11. Bxd6 Nxd6 12. b3 b5 13. c4 b4 14. c5 Ne4 15.
Ne5 Nxe5 16. dxe5 Qg5 17. Nxe4 Bxe4 18. g4 Qh4 19. Bf3 h5 20. Bg2 Bg6 21. Qd4
a5 22. Rf1 f5 23. gxf5 Bxf5 24. Qxh4 g6 25. Bf3 Rf7 26. Qg5 a4 27. bxa4 Rg7 28.
Kh2 Rxa4 29. Qd8+ Kh7 30. Rg1 Raa7 31. Qb6 Rab7 32. Qxc6 Rbd7 33. Rae1 1-0

[Event "Prestwick Airport Minor"]
[Site "Prestwick"]
[Date "2011.05.14"]
[Round "2"]
[White "Rank, Darren"]
[Black "Waddington, James"]
[Result "0-1"]
[WhiteElo "1049"]
[BlackElo "1290"]
[PlyCount "78"]
[EventDate "2011.05.15"]
[EventRounds "5"]
[EventCountry "SCO"]

1. e4 b6 2. d4 Bb7 3. Nc3 e6 4. Bd3 d6 5. Be3 a6 6. Nf3 Be7 7. O-O Nd7 8. Re1
Ngf6 9. h3 Nf8 10. Re2 Ng6 11. Rd2 O-O 12. e5 Nd5 13. Bxg6 fxg6 14. Rd3 Nb4 15.
Rd2 Bxf3 16. gxf3 Rf5 17. f4 g5 18. Ne2 Nd5 19. c4 Nxf4 20. Bxf4 gxf4 21. Rd3
Bh4 22. Qd2 dxe5 23. dxe5 Qg5+ 24. Kh1 Bxf2 25. Rf1 Be3 26. Rxe3 fxe3 27. Qe1
Raf8 28. Rg1 Qh5 29. Kh2 Rf2+ 30. Rg2 Qxe5+ 31. Ng3 Qxb2 32. Qg1 Qxa2 33. Nh1
Rxg2+ 34. Qxg2 Qxc4 35. Qg3 e2 36. Qe1 Qf4+ 37. Ng3 Qe3 38. Nxe2 Rf2+ 39. Qxf2
Qxf2+ 0-1

[Event "Prestwick Airport Minor"]
[Site "Prestwick"]
[Date "2011.05.14"]
[Round "2"]
[White "Smith, Mark J"]
[Black "Milton, Anna"]
[Result "1-0"]
[WhiteElo "1133"]
[BlackElo "522"]
[PlyCount "45"]
[EventDate "2011.05.15"]
[EventRounds "5"]
[EventCountry "SCO"]

1. e4 c5 2. Nf3 e6 3. d4 cxd4 4. Nxd4 Nf6 5. Nc3 d6 6. g4 e5 7. Nf5 Nc6 8. g5
Ng8 9. Bc4 Bxf5 10. exf5 Be7 11. Be3 Bxg5 12. Qh5 Qd7 13. Qxg5 g6 14. Nd5 h6
15. Nf6+ Nxf6 16. Qxf6 Rg8 17. O-O-O gxf5 18. Rhg1 Rg4 19. Rxg4 fxg4 20. Bxh6
Rc8 21. Qh8+ Ke7 22. Bg5+ f6 23. Bxf6# 1-0

[Event "Prestwick Airport Minor"]
[Site "Prestwick"]
[Date "2011.05.14"]
[Round "2"]
[White "Watson, David"]
[Black "Mills, Captiva"]
[Result "1-0"]
[WhiteElo "1200"]
[BlackElo "789"]
[PlyCount "111"]
[EventDate "2011.05.15"]
[EventRounds "5"]
[EventCountry "SCO"]

1. e4 c5 2. Nf3 Nc6 3. Nc3 Nf6 4. Bc4 g6 5. d3 Bg7 6. Be3 d6 7. h3 O-O 8. Qd2
Bd7 9. a3 Rb8 10. Bh6 Qa5 11. Bxg7 Kxg7 12. h4 Bg4 13. Ng5 b5 14. Bd5 Rbc8 15.
f3 b4 16. Bxc6 bxc3 17. bxc3 Bxf3 18. gxf3 Rxc6 19. Ke2 Nh5 20. Rhg1 c4 21. d4
d5 22. Nh3 Qc7 23. Qg5 Qh2+ 24. Nf2 dxe4 25. Rg2 exf3+ 26. Kxf3 Rf6+ 27. Qxf6+
Nxf6 28. Rxh2 Nd5 29. Ne4 f5 30. Ng5 Rf6 31. Rb1 Nxc3 32. Rb7 Nd5 33. Rxa7 h6
34. Nh3 Re6 35. Re2 Rxe2 36. Kxe2 Kf6 37. a4 Nc3+ 38. Kd2 Ne4+ 39. Kc1 c3 40.
a5 Nd6 41. Nf4 Nb5 42. Ra6+ Kf7 43. Rb6 Nxd4 44. a6 g5 45. hxg5 hxg5 46. Nd3 g4
47. a7 Ne2+ 48. Kd1 g3 49. Kxe2 g2 50. Kf2 f4 51. Kxg2 f3+ 52. Kxf3 e5 53. a8=Q
e4+ 54. Kxe4 Kg7 55. Qa7+ Kf8 56. Rb8# 1-0

[Event "Prestwick Airport Minor"]
[Site "Prestwick"]
[Date "2011.05.14"]
[Round "3"]
[White "Bonnyman, Brian"]
[Black "Smith, Mark J"]
[Result "1-0"]
[WhiteElo "1387"]
[BlackElo "1133"]
[PlyCount "79"]
[EventDate "2011.05.15"]
[EventRounds "5"]
[EventCountry "SCO"]

1. e4 c5 2. Nc3 d6 3. g3 Nf6 4. h3 g6 5. Bg2 Bg7 6. d3 Nc6 7. Be3 e6 8. Qd2 a6
9. Nge2 O-O 10. O-O e5 11. f4 Bd7 12. Rf2 Qc8 13. Kh2 Nh5 14. Raf1 exf4 15.
Nxf4 Nf6 16. Ncd5 Nxd5 17. Nxd5 Be6 18. Nb6 Qc7 19. Nxa8 Rxa8 20. b3 Be5 21. c3
Rd8 22. d4 cxd4 23. cxd4 Bxg3+ 24. Kxg3 d5+ 25. Bf4 Qb6 26. exd5 Bxd5 27. Bxd5
Rxd5 28. Qe3 Qd8 29. Bg5 Rxg5+ 30. Kh2 Qc7+ 31. Qf4 Qxf4+ 32. Rxf4 f5 33. d5
Ne5 34. d6 Nd7 35. Re1 Nc5 36. Re7 b5 37. d7 Nxd7 38. Rxd7 a5 39. Ra7 a4 40.
Rd4 1-0

[Event "Prestwick Airport Minor"]
[Site "Prestwick"]
[Date "2011.05.14"]
[Round "3"]
[White "Boyle, Daniel H"]
[Black "Deary, Daniel"]
[Result "1/2-1/2"]
[WhiteElo "1211"]
[BlackElo "812"]
[PlyCount "121"]
[EventDate "2011.05.15"]
[EventRounds "5"]
[EventCountry "SCO"]

1. c4 Nf6 2. Nc3 e6 3. g3 d5 4. cxd5 exd5 5. Bg2 Bc5 6. d4 Bb6 7. Bg5 c6 8. e3
Bf5 9. Nge2 Nbd7 10. O-O h6 11. Bxf6 Nxf6 12. a3 O-O 13. b4 Re8 14. Qb3 Qd7 15.
Rad1 Bh3 16. Nf4 Bxg2 17. Nxg2 Bc7 18. Ne2 g5 19. Qd3 Re7 20. a4 a6 21. Ra1 Qh3
22. f3 Qd7 23. Nc3 Rae8 24. b5 a5 25. bxc6 bxc6 26. Rab1 Bd6 27. Rb3 Rb8 28.
Rxb8+ Bxb8 29. Rb1 Bd6 30. Qa6 Bc7 31. Rb7 Ne8 32. Qd3 Nd6 33. Ra7 Qe6 34. Nd1
Bd8 35. Ra8 Re8 36. f4 Bc7 37. Rxe8+ Qxe8 38. fxg5 hxg5 39. Qe2 f5 40. Qc2 Ne4
41. Nf2 Nxf2 42. Qxf2 Qd7 43. Qc2 Kf7 44. Kf2 Kf6 45. Qc5 Qd6 46. Qc3 Kg6 47.
Qc2 Kf6 48. Ne1 f4 49. exf4 gxf4 50. g4 Qe6 51. h3 Qe3+ 52. Kf1 Qxh3+ 53. Ng2
f3 54. Qxc6+ Kg5 55. Qxd5+ Kf6 56. Qf5+ Ke7 57. Qc5+ Kd8 58. Qf8+ Kd7 59. Qf5+
Ke7 60. Qg5+ Kf7 61. Qf5+ 1/2-1/2

[Event "Prestwick Airport Minor"]
[Site "Prestwick"]
[Date "2011.05.14"]
[Round "3"]
[White "Bramley, Douglas"]
[Black "Hume, Wyllie"]
[Result "1-0"]
[WhiteElo "1433"]
[BlackElo "1080"]
[PlyCount "65"]
[EventDate "2011.05.15"]
[EventRounds "5"]
[EventCountry "SCO"]

1. d4 Nf6 2. c4 e5 3. Bg5 exd4 4. Qxd4 Be7 5. e3 Nc6 6. Qd1 d6 7. Nf3 Bf5 8.
Be2 Nb4 9. Qa4+ Nc6 10. Nd4 Qd7 11. Nxc6 Qxc6 12. Qxc6+ bxc6 13. Bf3 Be4 14.
Nd2 Bxf3 15. Nxf3 d5 16. Ke2 O-O 17. Rhd1 Rad8 18. Nd4 dxc4 19. Nxc6 Rxd1 20.
Nxe7+ Kh8 21. Rxd1 h6 22. Bxf6 gxf6 23. Nd5 Rb8 24. Rd2 Kg7 25. Nxc7 Rc8 26.
Nb5 a6 27. Nd6 Rc6 28. Nf5+ Kh7 29. Rd6 Rc5 30. Rxf6 c3 31. bxc3 Rxc3 32. Rxh6+
Kg8 33. Rxa6 1-0

[Event "Prestwick Airport Minor"]
[Site "Prestwick"]
[Date "2011.05.14"]
[Round "3"]
[White "Clark, Stephen L"]
[Black "Rank, Darren"]
[Result "1-0"]
[WhiteElo "1378"]
[BlackElo "1049"]
[PlyCount "51"]
[EventDate "2011.05.15"]
[EventRounds "5"]
[EventCountry "SCO"]

1. d4 d5 2. Nc3 c6 3. Nf3 e6 4. a3 Nf6 5. Bg5 Be7 6. e3 h6 7. Bh4 Ne4 8. Bxe7
Qxe7 9. Bd3 Nd6 10. Ne5 Nd7 11. f4 b5 12. Nxc6 Qf6 13. Nxb5 Nxb5 14. Bxb5 O-O
15. O-O g6 16. Bd3 Bb7 17. Ne5 Nxe5 18. fxe5 Qe7 19. Rf6 Kh8 20. Qf3 Bc6 21.
Rf1 Kg7 22. Qg3 a6 23. Bxg6 Be8 24. Bxf7+ Kh7 25. Qg6+ Kh8 26. Qxh6# 1-0

[Event "Prestwick Airport Minor"]
[Site "Prestwick"]
[Date "2011.05.14"]
[Round "3"]
[White "McCulloch, Andrew"]
[Black "Cameron, Richard"]
[Result "1/2-1/2"]
[WhiteElo "1023"]
[BlackElo "1238"]
[PlyCount "68"]
[EventDate "2011.05.15"]
[EventRounds "5"]
[EventCountry "SCO"]

1. d4 Nf6 2. Nf3 g6 3. c4 d5 4. Nc3 Bg7 5. Bg5 c6 6. Qd2 O-O 7. Bh6 Nbd7 8.
Bxg7 Kxg7 9. Qc2 Re8 10. e3 e5 11. Be2 e4 12. Nd2 Nf8 13. O-O-O a6 14. Rdg1 b5
15. c5 Ne6 16. g4 Ng8 17. h4 Ne7 18. f4 exf3 19. Nxf3 b4 20. Nd1 a5 21. g5 Nf5
22. h5 a4 23. hxg6 fxg6 24. Rh2 Rh8 25. Qd2 Rb8 26. Ne5 Qc7 27. Bg4 Nf8 28. Rf2
b3 29. a3 Be6 30. Nc3 Ra8 31. Ne2 Nd7 32. Nf4 Nf8 33. Rh2 Rc8 34. Qe1 Qe7
1/2-1/2

[Event "Prestwick Airport Minor"]
[Site "Prestwick"]
[Date "2011.05.14"]
[Round "3"]
[White "Mills, Captiva"]
[Black "McCusker, Kirsty"]
[Result "1-0"]
[WhiteElo "789"]
[BlackElo "101"]
[PlyCount "139"]
[EventDate "2011.05.15"]
[EventRounds "5"]
[EventCountry "SCO"]

1. d4 c6 2. Bf4 d5 3. Nf3 Bf5 4. e3 Nd7 5. Bd3 e6 6. h3 Be7 7. Bxf5 exf5 8.
Nbd2 Ngf6 9. c4 h6 10. O-O O-O 11. Qc2 Rc8 12. Qxf5 Bb4 13. Qd3 dxc4 14. Nxc4
Nh5 15. Bh2 b5 16. Nd6 Rb8 17. a3 Ba5 18. Ne4 Bc7 19. Bxc7 Qxc7 20. Rac1 Rb6
21. Nc5 Nhf6 22. Nxd7 Nxd7 23. Qe4 c5 24. dxc5 Nxc5 25. Qe5 Rc8 26. Qxc7 Rxc7
27. b4 Ne6 28. Rxc7 Nxc7 29. Rd1 Ne6 30. Rd7 a6 31. Ne5 f6 32. Nf7 Nf8 33. Rc7
Kh7 34. Nd8 Rd6 35. Nb7 Ne6 36. Nxd6 Nxc7 37. f4 g5 38. fxg5 hxg5 39. Kf2 Nd5
40. e4 Nf4 41. Ne8 Kg6 42. Nc7 Nd3+ 43. Ke3 Nb2 44. Nxa6 Na4 45. Nc7 Kh5 46. g3
g4 47. h4 Kg6 48. Kf4 Nc3 49. Kxg4 Nxe4 50. Nxb5 f5+ 51. Kf4 Nd2 52. Nc3 Nc4
53. a4 Nb6 54. a5 Nc4 55. b5 Nxa5 56. Nd5 Nc4 57. b6 Nxb6 58. Nxb6 Kh5 59. Kxf5
Kh6 60. g4 Kg7 61. Nd5 Kh6 62. Nf4 Kg7 63. h5 Kh6 64. g5+ Kh7 65. h6 Kh8 66. g6
Kg8 67. g7 Kh7 68. Kf6 Kg8 69. h7+ Kxh7 70. Kf7 1-0

[Event "Prestwick Airport Minor"]
[Site "Prestwick"]
[Date "2011.05.14"]
[Round "3"]
[White "Milton, Anna"]
[Black "Jose, Thomas"]
[Result "1-0"]
[WhiteElo "522"]
[BlackElo "962"]
[PlyCount "69"]
[EventDate "2011.05.15"]
[EventRounds "5"]
[EventCountry "SCO"]

1. d4 d5 2. c4 e6 3. Nc3 Bb4 4. Bd2 Nf6 5. e3 c6 6. Nf3 O-O 7. cxd5 exd5 8. Bd3
Bg4 9. O-O Bxc3 10. Bxc3 Ne4 11. h3 Bh5 12. Re1 Ng5 13. Be2 Bxf3 14. Bxf3 Qf6
15. Be2 Ne4 16. f3 Ng3 17. Bd3 Re8 18. Rc1 Nd7 19. Bb1 Qh4 20. Qc2 Nf6 21. Rcd1
Re6 22. Qf2 Nfh5 23. Qc2 f5 24. a3 Rg6 25. Qf2 Rf8 26. Rf1 Re8 27. b4 Qe7 28.
Rfe1 Qe6 29. Bb2 Rg5 30. Bc1 Ne4 31. fxe4 fxe4 32. Qc2 Qxh3 33. Rf1 Qh4 34. Qf2
Ng3 35. Qf7+ 1-0

[Event "Prestwick Airport Minor"]
[Site "Prestwick"]
[Date "2011.05.14"]
[Round "3"]
[White "Roy, Zak"]
[Black "Mcleod, Robert"]
[Result "1-0"]
[WhiteElo "877"]
[BlackElo "997"]
[PlyCount "71"]
[EventDate "2011.05.15"]
[EventRounds "5"]
[EventCountry "SCO"]

1. e4 d6 2. Nf3 g6 3. Nc3 Bg7 4. Bc4 Nf6 5. O-O O-O 6. h3 e5 7. d3 Nbd7 8. Bg5
a6 9. Re1 c6 10. d4 Qe8 11. dxe5 dxe5 12. Re2 b5 13. Bb3 Nh5 14. a4 b4 15. Nb1
a5 16. Nbd2 Ba6 17. Re1 Rd8 18. Bxd8 Qxd8 19. Bc4 Bc8 20. Nb3 Qb6 21. Qe2 Nf4
22. Qe3 c5 23. Bb5 Bh6 24. Kh2 Kg7 25. Bxd7 Bxd7 26. Qxc5 Qb8 27. Rad1 Bxa4 28.
Qxa5 Bxb3 29. cxb3 Rc8 30. g3 Nh5 31. Rd5 Re8 32. Nxe5 Nf6 33. Rb5 Qc8 34. Qa7
Rf8 35. Rb7 Qe8 36. Re7 1-0

[Event "Prestwick Airport Minor"]
[Site "Prestwick"]
[Date "2011.05.14"]
[Round "3"]
[White "Waddington, James"]
[Black "McCusker, Andrew"]
[Result "0-1"]
[WhiteElo "1290"]
[BlackElo "676"]
[PlyCount "100"]
[EventDate "2011.05.15"]
[EventRounds "5"]
[EventCountry "SCO"]

1. b4 Nf6 2. Bb2 e6 3. a3 a6 4. c4 b6 5. e3 Bb7 6. Nf3 Be7 7. Be2 O-O 8. O-O d6
9. d4 Nbd7 10. Nbd2 c5 11. Qb3 Qc7 12. Rac1 Rab8 13. b5 a5 14. Rc2 d5 15. Rfc1
Rfc8 16. Ne5 Nxe5 17. dxe5 Nd7 18. Nf3 dxc4 19. Qxc4 Bxf3 20. Bxf3 Nxe5 21.
Bxe5 Qxe5 22. Rd1 Rd8 23. Rxd8+ Rxd8 24. Qc3 Qd6 25. g3 Bf6 26. Qc4 Qe5 27. Kg2
Qd6 28. Bc6 Qd3 29. a4 Qxc4 30. Rxc4 Rd3 31. Be4 Ra3 32. h4 Kf8 33. Kf3 g6 34.
Ke2 Bg7 35. f4 f5 36. Bd3 Ke7 37. e4 Kd6 38. e5+ Kd5 39. Ke3 Bf8 40. Ke2 Be7
41. Ke3 h6 42. Ke2 g5 43. h5 gxf4 44. gxf4 Bh4 45. Ke3 Bf2+ 46. Ke2 Bd4 47. Kd2
Ra2+ 48. Kc1 Rf2 49. Rc2 Rxc2+ 50. Bxc2 Be3+ 0-1

[Event "Prestwick Airport Minor"]
[Site "Prestwick"]
[Date "2011.05.14"]
[Round "3"]
[White "Wright, E Carol"]
[Black "Douglas, William"]
[Result "0-1"]
[WhiteElo "925"]
[BlackElo "1184"]
[PlyCount "84"]
[EventDate "2011.05.15"]
[EventRounds "5"]
[EventCountry "SCO"]

1. e4 e6 2. d4 d5 3. e5 c5 4. c3 Nc6 5. f4 cxd4 6. cxd4 Nge7 7. Be3 Nf5 8. Bf2
Bd7 9. Nf3 Rc8 10. g3 Qb6 11. b3 Nb4 12. Na3 Qa5 13. g4 Nc2+ 14. Ke2 Bb5+ 15.
Nc4 Bxc4+ 16. bxc4 Nxa1 17. gxf5 Qxa2+ 18. Nd2 Rxc4 19. Qb1 Qxb1 20. Nxb1 Bb4
21. Kf3 Rc1 22. Bb5+ Rc6 23. Rc1 Nb3 24. Bxc6+ bxc6 25. Rxc6 O-O 26. Kg4 Re8
27. h4 h6 28. h5 a5 29. fxe6 Rxe6 30. Rxe6 fxe6 31. f5 Kf7 32. fxe6+ Kxe6 33.
Kf4 a4 34. Be3 a3 35. Nxa3 Bxa3 36. Bf2 Bb2 37. Kg4 Nxd4 38. Bg3 Nc6 39. Kf3
Nxe5+ 40. Bxe5 Kxe5 41. Kg4 Ke4 42. Kh4 Kf3 0-1

[Event "Prestwick Airport Minor"]
[Site "Prestwick"]
[Date "2011.05.15"]
[Round "4"]
[White "Bramley, Douglas"]
[Black "McCusker, Andrew"]
[Result "1-0"]
[WhiteElo "1433"]
[BlackElo "676"]
[PlyCount "89"]
[EventDate "2011.05.15"]
[EventRounds "5"]
[EventCountry "SCO"]

1. d4 g6 2. e4 Bg7 3. c4 c5 4. d5 d6 5. Nc3 Nf6 6. f3 Nbd7 7. Be3 O-O 8. Qd2
Nb6 9. Bh6 e6 10. Bxg7 Kxg7 11. Bd3 exd5 12. Nxd5 Nbxd5 13. cxd5 Bd7 14. Ne2
Qc7 15. Rc1 b5 16. b3 b4 17. Qxb4 Qb6 18. Qxb6 axb6 19. a4 Ra5 20. Nc3 Ne8 21.
Bb5 Bc8 22. Bxe8 Rxe8 23. Nb5 Rd8 24. Kd2 Ba6 25. Nc7 Bb7 26. Ra1 Rd7 27. Nb5
Ba6 28. Nc3 Kf6 29. Rhb1 Rb7 30. b4 cxb4 31. Rxb4 b5 32. Ra2 bxa4 33. Rxb7 Bxb7
34. Rxa4 Rxa4 35. Nxa4 Ba6 36. Ke3 g5 37. Nc3 Ke5 38. g3 Kf6 39. Ne2 h6 40. Nd4
Bc8 41. Nb5 Kg6 42. Nxd6 Bd7 43. Nc4 f6 44. e5 Bb5 45. Nd6 1-0

[Event "Prestwick Airport Minor"]
[Site "Prestwick"]
[Date "2011.05.15"]
[Round "4"]
[White "Cameron, Richard"]
[Black "Deary, Daniel"]
[Result "0-1"]
[WhiteElo "1238"]
[BlackElo "812"]
[PlyCount "70"]
[EventDate "2011.05.15"]
[EventRounds "5"]
[EventCountry "SCO"]

1. e4 c5 2. c3 Nf6 3. e5 Nd5 4. Bc4 Nb6 5. Bb3 Nc6 6. Nf3 g6 7. d4 cxd4 8. cxd4
Bg7 9. O-O O-O 10. Nc3 d5 11. Bg5 Bg4 12. Qd3 Bxf3 13. Qxf3 Nxd4 14. Qe3 Nxb3
15. axb3 Qc7 16. Bf4 e6 17. Rac1 Qd7 18. Rfd1 Nc8 19. Ne4 f6 20. exf6 Bxf6 21.
Nxf6+ Rxf6 22. Be5 Rf7 23. Rc7 Qe8 24. Rdc1 Ne7 25. Rxb7 Nf5 26. Qg5 Rxb7 27.
Qf6 Ng7 28. g3 Qf7 29. Qh4 Nf5 30. Qg5 Rd7 31. h4 d4 32. h5 d3 33. hxg6 Qxg6
34. Qd2 Nd4 35. Kg2 Nxb3 0-1

[Event "Prestwick Airport Minor"]
[Site "Prestwick"]
[Date "2011.05.15"]
[Round "4"]
[White "Douglas, William"]
[Black "Cassidy, Bernard"]
[Result "0-1"]
[WhiteElo "1184"]
[BlackElo "1394"]
[PlyCount "116"]
[EventDate "2011.05.15"]
[EventRounds "5"]
[EventCountry "SCO"]

1. d4 d5 2. c4 c6 3. Nf3 Nf6 4. Nc3 Bf5 5. Qb3 b6 6. cxd5 cxd5 7. e3 a6 8. Bd2
e6 9. Be2 Bd6 10. Rc1 Nbd7 11. a3 b5 12. Na2 Rc8 13. O-O O-O 14. Bb4 Qb6 15.
Bc3 Qb8 16. Rfd1 Ne4 17. Ne5 Nxe5 18. dxe5 Nxc3 19. Nxc3 Bxe5 20. g3 Bxc3 21.
bxc3 Rc7 22. Rd2 Rfc8 23. Rb2 Rb7 24. a4 Rc5 25. Qb4 Qc7 26. axb5 axb5 27. Ra2
Ra7 28. Qb2 Rxa2 29. Qxa2 h6 30. Qa3 Qc6 31. g4 Bg6 32. Qb4 e5 33. h4 f6 34. h5
Bf7 35. Qb1 Rxc3 36. Rxc3 Qxc3 37. Qxb5 Qc7 38. Qb2 Qc8 39. Qb1 d4 40. e4 Kh7
41. Kg2 Qc3 42. Qd3 Qc1 43. Qd1 Qg5 44. Kh3 Qf4 45. f3 Qe3 46. Kg2 Bb3 47. Qd3
Qxd3 48. Bxd3 Bd1 49. Kg3 Kg8 50. Bc4+ Kf8 51. Bd3 Ke7 52. f4 Kd6 53. fxe5+
fxe5 54. Bf1 Kc5 55. Kf2 Bxg4 56. Be2 Bxe2 57. Kxe2 Kc4 58. Kd2 d3 0-1

[Event "Prestwick Airport Minor"]
[Site "Prestwick"]
[Date "2011.05.15"]
[Round "4"]
[White "Howie, Colin"]
[Black "Boyle, Daniel H"]
[Result "1-0"]
[WhiteElo "785"]
[BlackElo "1211"]
[PlyCount "83"]
[EventDate "2011.05.15"]
[EventRounds "5"]
[EventCountry "SCO"]

1. e4 c6 2. d4 d5 3. exd5 cxd5 4. Bf4 Bf5 5. Nf3 Nf6 6. Nbd2 e6 7. c3 Nbd7 8.
Bb5 a6 9. Ba4 b5 10. Bc2 Bxc2 11. Qxc2 g6 12. O-O Bg7 13. Rfe1 O-O 14. Bg5 Qc7
15. g3 Rac8 16. Bf4 Qb6 17. Qd3 Nh5 18. Qe3 Ndf6 19. Ne5 Nxf4 20. Qxf4 Nh5 21.
Qf3 Nf6 22. Nb3 Rc7 23. Nc5 Qa7 24. Rad1 Re8 25. Re2 Nh5 26. Rde1 Bxe5 27. Rxe5
a5 28. Nd3 Rce7 29. Rg5 a4 30. Qxh5 f6 31. Rg4 Rg7 32. Qh3 f5 33. Rh4 g5 34.
Rh6 g4 35. Qf1 Rge7 36. Nf4 e5 37. Nxd5 Re6 38. Nf6+ Rxf6 39. Rxf6 Qg7 40. Qxb5
Qxf6 41. Qxe8+ Kg7 42. Qxe5 1-0

[Event "Prestwick Airport Minor"]
[Site "Prestwick"]
[Date "2011.05.15"]
[Round "4"]
[White "Hume, Wyllie"]
[Black "Waddington, James"]
[Result "1/2-1/2"]
[WhiteElo "1080"]
[BlackElo "1290"]
[PlyCount "35"]
[EventDate "2011.05.15"]
[EventRounds "5"]
[EventCountry "SCO"]

1. d4 b6 2. Bf4 Bb7 3. Nc3 d6 4. e4 Nf6 5. Qd3 Ba6 6. Qf3 Qc8 7. Bxa6 Nxa6 8.
Nge2 Qb7 9. O-O e6 10. Rad1 Be7 11. Rd3 Nb4 12. Rd2 O-O 13. a3 Nc6 14. d5 exd5
15. exd5 Ne5 16. Bxe5 dxe5 17. Rfd1 Bd6 18. Ne4 1/2-1/2

[Event "Prestwick Airport Minor"]
[Site "Prestwick"]
[Date "2011.05.15"]
[Round "4"]
[White "McCulloch, Andrew"]
[Black "Clark, Stephen L"]
[Result "1-0"]
[WhiteElo "1023"]
[BlackElo "1378"]
[PlyCount "71"]
[EventDate "2011.05.15"]
[EventRounds "5"]
[EventCountry "SCO"]

1. d4 Nf6 2. Nf3 g6 3. c4 Bg7 4. Nc3 d5 5. cxd5 Nxd5 6. e4 Nxc3 7. bxc3 O-O 8.
Bd3 c5 9. O-O Nc6 10. Bb5 cxd4 11. Bxc6 bxc6 12. cxd4 Bg4 13. Be3 c5 14. Rb1
cxd4 15. Bd2 Rb8 16. h3 Rxb1 17. Qxb1 Bxf3 18. gxf3 Qd7 19. Kg2 Rc8 20. Rc1 h6
21. Rh1 Qd8 22. f4 Qb6 23. Qd3 Qb2 24. Rb1 Qxa2 25. Rb7 Rc2 26. Rb8+ Kh7 27.
Be1 Rc7 28. e5 Qd5+ 29. f3 Qa2+ 30. Kg3 Qa1 31. Bf2 Rd7 32. Qb5 Rc7 33. Qe8 g5
34. f5 Bxe5+ 35. Kg4 e6 36. Qg8# 1-0